000 00602nam a22002057a 4500
999 _c210
_d210
003 OSt
005 20191125170856.0
008 140715b xxu||||| |||| 00| 0 eng d
020 _a9781420059854
040 _cDDC
082 _222nd ed.
_a577 SPA 2010
_bS
100 _aEdited by Cantrell, Stephen; Cosner, Chris; Ruan, Shigui
_913079
245 _aSpatial Ecology
260 _aLondon:
_bCRC Press,
_c2010
300 _axxii,362p;
_bill:
_c24cm
440 _aMathematical and computational biology series
_9543
504 _aReferences, Index included
650 _aEcology
_9544
942 _2ddc
_cB_BANK